000 003280000a22001450004500
003 LK-CoMWRAF
008 230817t ||||| |||| 00| 0 eng d
040 _aLK-CoMWRAF
_dLK-CoMWRAF
_eLK-CoMWRAF
041 _aeng
245 _aOlaradugalum Payanum
_b
260 _b
_a
_c
300 _ap.140
650 _aTamil Text
942 _cBK
999 _c2416
_d2416